Guide to the Basel Mission's Ghana archive
| Titel: | Guide to the Basel Mission's Ghana archive / Paul Jenkins et al. |
|---|---|
| Beteiligt: | |
| Ausgabe: | 3. ed. |
| Veröffentlicht: | Leipzig : Inst. für Afrikanistik, 2003 |
| Umfang: | 117 Seiten : Karten |
| Format: | Buch |
| Sprache: | Englisch |
| Schriftenreihe/ mehrbändiges Werk: |
University of Leipzig papers on Africa. Mission archives series ; 23 |
| RVK-Notation: |
·
|
| ISBN: | 3935999178 |
alg: 11854809 001A $00030:26-01-04 001B $01999:07-05-25 $t17:08:45.000 001D $00030:26-01-04 001U $0utf8 001X $00 002@ $0Aay 002C $aText $btxt $2rdacontent 002D $aohne Hilfsmittel zu benutzen $bn $2rdamedia 002E $aBand $bnc $2rdacarrier 003@ $0118548093 003O $0475153396 $aOCoLC 004A $03-935999-17-8 007A $0118548093 $aHEB 007T $0ArchMa07785 010@ $aeng 011@ $a2003 013D $RVerzeichnis $RBibliografie $RInventar $RNeuerwerbungsliste $#Publishers' catalogs $#Catalogs $#Catalogs and collections $#Catalogues d'éditeurs $#Catalogues $#Cataloghi editoriali $#Catálogos de editores $#Catalog $#Bestandskatalog $#Bestandsverzeichnis Formschlagwort $74163417-2 $8Katalog [Ts1] $9085724890 021A $aGuide to the Basel Mission's Ghana archive $hPaul Jenkins et al. 028C $713034205X $8Jenkins, Paul$Z1938- [Tp3] $916052993X 032@ $a3. ed. 033A $pLeipzig $nInst. für Afrikanistik 034D $a117 Seiten 034M $aKarten 036E $aUniversity of Leipzig papers on Africa. Mission archives series $l23 036F $x223 $8University of Leipzig papers on Africa. Mission archives series $9186296983 $l23 044K $RKolonie Goldküste $RTogoland $#Ghana $#Ghana $#Ghana $#Republic of Ghana $#Republik Ghana $74020949-0 $8Ghana [Tg1] $9085050903 044K $#Evangelische Missionsgesellschaft in Basel $#Missionsgesellschaft Basel $#BM $#Mission Basel $#Basler Missionskomitee $#Basler Missionsgesellschaft $#Missionskomitee Basel $#Basel Evangelical Missionary Society $#Basel German Evangelical Missionary Society $#Société des Missions Basel $#Société des Missions Évangeliques Basel $#Basel Mission $#Evangelical Missionary Society Basel $#German Evangelical Missionary Society Basel $#Missionshaus Basel $#Basler Missionshaus $#Basler Evangelische Mission $#Evangelische Mission Basel $#Evang. Missionsgesellschaft Basel $#Ev. Missionsgesellschaft Basel $#Evangelisches Missions-Comittee $#Comité des missions de Bâle $#Evangelische Missionsgesellschaft Basel $72009918-6 $8Basler Mission [Tb1] $9042655129 044K $RArchivkunde $RArchivalien $RArchivar $RKulturelle Einrichtung $#Archives $#Archives $#Archivos $#Archiv $#Archiv $#Elektronisches Archiv $#Archivwesen $#Archive $74002859-8 $8Archiv [Ts1] $9084999330 045Z $8BO 1855 [Tkv] $9407466495 045Z $8BT 7000 [Tkv] $9407498583 lok: 11854809 3 101B $006-04-04 $t15:30:20.000 101C $026-01-04 144Z/20 $aa04apr 145S/06 $a631 145Z/01 $a328 Da 0030 101U $0utf8 exp: 11854809 3 1 #EPN 201B/01 $026-01-04 $t15:48:37.000 201C/01 $026-01-04 203@/01 $0208307168 208@/01 $a26-01-04 $bzAa 209A/01 $aQ 87.620.12 $du $f000 $hQ 87 620 12 $x00 209G/01 $a87620123 $x00 247C/01 $8601000-3 <30>Frankfurt, Universitätsbibliothek J. C. Senckenberg, Zentralbibliothek (ZB) $9102598258 201U/01 $0utf8 lok: 11854809 105 exp: 11854809 105 1 #EPN 201B/01 $030-01-19 $t13:34:18.000 201C/01 $030-01-19 201U/01 $0utf8 203@/01 $01042272670 208@/01 $a13-12-18 $be 209A/01 $a/ $f106 $x00 245Z/01 $a4.12.02. $bArchivwesen Europas / Schweiz, Liechtenstein / Archive und Archivbestände $x01 247C/01 $8->Marburg, Bibliographie zum Archivwesen der Archivschule Marburg $939588196X
| LEADER | 00000cam a22000002c 4500 | ||
|---|---|---|---|
| 001 | 118548093 | ||
| 003 | DE-603 | ||
| 005 | 20250507170845.0 | ||
| 007 | tu | ||
| 008 | 040126s2003 xx |||| | u00||u|eng c | ||
| 020 | |a 3935999178 | ||
| 035 | |a (DE-599)HEB118548093 | ||
| 035 | |a (OCoLC)475153396 | ||
| 040 | |a DE-603 |b ger |c DE-603 |d DE-603 | ||
| 041 | |a eng | ||
| 084 | |a BO 1855 |0 (DE-625)14045: |0 (DE-603)407466495 |2 rvk | ||
| 084 | |a BT 7000 |0 (DE-625)16767: |0 (DE-603)407498583 |2 rvk | ||
| 245 | 0 | 0 | |a Guide to the Basel Mission's Ghana archive |c Paul Jenkins et al. |
| 250 | |a 3. ed. | ||
| 264 | 1 | |a Leipzig |b Inst. für Afrikanistik |c 2003 | |
| 300 | |a 117 Seiten |b Karten | ||
| 336 | |a Text |b txt |2 rdacontent | ||
| 337 | |a ohne Hilfsmittel zu benutzen |b n |2 rdamedia | ||
| 338 | |a Band |b nc |2 rdacarrier | ||
| 490 | 1 | |a University of Leipzig papers on Africa. Mission archives series |v 23 | |
| 610 | 1 | 7 | |a Basler Mission |2 gnd |0 (DE-588)2009918-6 |0 (DE-603)042655129 |
| 650 | 7 | |a Archiv |0 (DE-588)4002859-8 |0 (DE-603)084999330 |2 gnd | |
| 651 | 7 | |a Ghana |0 (DE-588)4020949-0 |0 (DE-603)085050903 |2 gnd | |
| 655 | 7 | |a Katalog |2 gnd-content |0 (DE-588)4163417-2 |0 (DE-603)085724890 | |
| 700 | 1 | |a Jenkins, Paul |d 1938- |0 (DE-603)16052993X |0 (DE-588)13034205X |2 gnd | |
| 810 | 2 | 2 | |a Universität Leipzig |t University of Leipzig papers on Africa |p Mission archives series |v 23 |w (DE-603)186296983 |w (DE-600)2135602-6 |9 223 |7 as |
| 924 | 0 | |9 30 |a (DE-603)208307168 |b DE-30 |c HES |d c |g Q 87.620.12 | |
| 924 | 0 | |9 - |a (DE-603)1042272670 |b DE- |c HES |d d |g / | |